000 00740nam a2200229 4500
010 _aB-008295
020 _a8173281009
035 _aB-008295
037 _bCen Lib / Ret
040 _aDPL
_bEN
082 _a343.54052
_bBHA
100 _aBhagwati Prasad
245 _aDirect taxes : law & practice :
_bincome tax, wealth tax, gift tas with tax planning/management /
_cby Bhagwati Prasad
250 _a35th ed
260 _aDelhi
_bWishwa Prakashan
_c2000
270 _a4835/24 Ansari Road, Daryaganj
_bNew Delhi
_e110021
300 _axxxi, 1075p
_b24cm(Hb)
650 _aTaxation -- Law and legislation -- India.
650 _aDirect taxation.
650 _aTax planning.
942 _2ddc
_cEN
_h343.54052
_mBHA
999 _c136875
_d136875